Un enfoque comunicacional ante el problema ambiental

Uloženo v:
Podrobná bibliografie
Hlavní autoři: Mendoza, Hilda (autora), Becerra, Mery (Autor)
Médium: Kniha
Jazyk:španělština
Vydáno: Caracas Fundacion Eduardo Frías 1996
Edice:Colección Canicula, 11
Témata:
Tagy: Přidat tag
Žádné tagy, Buďte první, kdo vytvoří štítek k tomuto záznamu!

MARC

LEADER 00000nam a2200000 a 4500
001 UCT4281
003 CL-VaPUC
008 961108e19960000VE |||||||||||||||||spa|d
082 0 4 |a 302.23  |b MEN  |2 21 
100 |a Mendoza, Hilda  |e autora  |9 373519 
700 0 |a Becerra, Mery  |e author  |9 373520 
245 1 3 |a Un enfoque comunicacional ante el problema ambiental 
300 |a 136 p 
942 |c BK 
945 |d 19961108 00:00:00  |a nastorga 
260 |a Caracas  |b Fundacion Eduardo Frías  |c 1996 
650 0 |a Medio ambiente  |9 257625 
650 0 |a Ecología   |9 258124 
650 0 |a Globalización  |9 361930 
650 0 |a Crecimiento económico   |9 314037 
650 0 |a Desarrollo sustentable  |9 333905 
650 7 |a DESARROLLO DEMOGRAFICO  |2 CL-VaPUC  |9 373521 
650 0 |a Pobreza  |9 258652 
650 0 |a Medios de comunicación social  |9 355093 
583 |a last modification  |c 20160307 12:26:21  |k Rodrigo Vera 
490 0 |a Colección Canicula, 11 
999 |c 253688  |d 253686 
952 |0 0  |1 0  |2 ddc  |4 0  |6 302_230000000000000_MEN_1996  |7 0  |8 A  |9 274727  |a BIBCUR  |b BIBCUR  |c GEN  |d 2019-11-19  |i 3250385  |o 302.23 MEN 1996  |p 3250385  |r 2025-04-22  |w 2019-11-19  |y BK  |k PER